000 00341nam a22001217a 4500
040 _cNUST
082 _a158.1,WIT
100 _awitli, Dr.Denis
_9108985
245 _akhwabo se haqiqat tak / خوابوں سے حقیقت تک (Urdu) /
_cDr.Denis witli
260 _aRawalpindi
_bSBC
_c2012
300 _a170 p.;
942 _2ddc
_cBK
_k158.1.WIT
999 _c593243
_d593243